Statistics for Countries with two Rs

Click here to take the quiz!

General Stats

  • This quiz has been taken 207 times
  • The average score is 4 of 8

Answer Stats

Country% Correct
Andorra
65%
Central African Republic
53%
North Korea
46%
Sierra Leone
45%
United Arab Emirates
44%
Democratic Republic of the Congo
40%
Eritrea
40%
Federated States of Micronesia
31%

Score Distribution

Percentile by Number Answered

Percent of People with Each Score

Your Score History

You have not taken this quiz